[Event "Ruhrgebiet Verbandsklasse Gruppe 2 1819"]
[Site "Nordrheinwestfalen"]
[Date "2019.02.03"]
[Round "6.1"]
[White "Griebl, Joern"]
[Black "Quast, Marcel"]
[Result "0-1"]
[WhiteElo "2153"]
[BlackElo "2247"]
[PlyCount "80"]
[EventDate "2018.09.23"]
[EventType "team-tourn"]
[EventRounds "9"]
[EventCountry "GER"]
[SourceTitle "EXT 2022"]
[Source "ChessBase"]
[SourceDate "2021.10.06"]
[SourceVersion "1"]
[SourceVersionDate "2021.10.06"]
[SourceQuality "1"]
[WhiteTeam "Buer Hassel"]
[BlackTeam "Gerthe Werne"]
[WhiteTeamCountry "GER"]
[BlackTeamCountry "GER"]

1. Nf3 d6 2. d4 g6 3. c4 Bg7 4. Nc3 Nc6 5. d5 Ne5 6. Nxe5 Bxe5 7. Qd3 f5 8. h4 Bg7 9. h5 e5 10. hxg6 hxg6 11. Rxh8 Bxh8 12. Qh3 Bg7 13. f4 e4 14. Bd2 Nf6 15. e3 Qe7 16. Be2 Bd7 17. 0-0-0 Kf7 18. Be1 c5 19. Bh4 a6 20. g4 fxg4 21. Qg2 b5 22. Bxf6 Qxf6 23. Bxg4 Bxg4 24. Qxg4 Qf5 25. Qe2 Bxc3 26. bxc3 Qf6 27. Kc2 Rb8 28. Rb1 b4 29. cxb4 cxb4 30. Qd2 a5 31. a4 Rc8 32. Kb3 Rh8 33. Rc1 Rh3 34. Ka2 Qh8 35. Rc2 Rh1 36. Rb2 Qh3 37. c5 Qf1 38. Qd4 Qa1+ 39. Kb3 Rc1 40. Ra2 Rc3+ 0-1

[Event "Ruhrgebiet Verbandsklasse Gruppe 2 1819"]
[Site "Nordrheinwestfalen"]
[Date "2018.09.23"]
[Round "1.1"]
[White "Griebl, Joern"]
[Black "Prieb, Robert"]
[Result "1-0"]
[WhiteElo "2173"]
[BlackElo "1848"]
[PlyCount "101"]
[EventDate "2018.09.23"]
[EventType "team-tourn"]
[EventRounds "9"]
[EventCountry "GER"]
[SourceTitle "EXT 2022"]
[Source "ChessBase"]
[SourceDate "2021.10.06"]
[SourceVersion "1"]
[SourceVersionDate "2021.10.06"]
[SourceQuality "1"]
[WhiteTeam "Buer Hassel"]
[BlackTeam "Bochum SG IV"]
[WhiteTeamCountry "GER"]
[BlackTeamCountry "GER"]

1. d4 Nf6 2. c4 g6 3. Nc3 Bg7 4. e4 d6 5. Be2 0-0 6. Nf3 e5 7. 0-0 Nc6 8. d5 Ne7 9. Ne1 Nd7 10. Be3 f5 11. f3 f4 12. Bf2 g5 13. a4 Ng6 14. Nb5 Nf6 15. Nxa7 Bd7 16. c5 h5 17. c6 bxc6 18. Nxc6 Qe8 19. h3 Qc8 20. Na7 Qb7 21. Nb5 g4 22. hxg4 hxg4 23. fxg4 Nxe4 24. Qc2 Nxf2 25. Qxg6 Rf6 26. Qc2 Nxg4 27. Qxc7 Qxc7 28. Nxc7 Rc8 29. Bxg4 Bxg4 30. Nb5 Bh6 31. Nc3 Rb8 32. a5 f3 33. Nxf3 Be3+ 34. Kh1 Rh6+ 35. Nh2 Bf4 36. Rxf4 exf4 37. Ra4 Rxb2 38. Rxf4 Rc2 39. Rxg4+ Kh7 40. Nd1 Ra2 41. Kg1 Rxa5 42. Ne3 Rg6 43. Re4 Ra1+ 44. Kf2 Ra2+ 45. Kf3 Rf6+ 46. Kg3 Rg6+ 47. Nhg4 Ra3 48. Kf4 Kg7 49. Nf5+ Kf7 50. Nh4 Rg5 51. Kxg5 1-0

[Event "Ruhrgebiet Verbandsklasse Gruppe 3 1718"]
[Site "Germany"]
[Date "2018.04.29"]
[Round "9.1"]
[White "Dergatschova, Anna"]
[Black "Griebl, Joern"]
[Result "1-0"]
[WhiteElo "2150"]
[BlackElo "2173"]
[PlyCount "115"]
[EventDate "2017.09.17"]
[EventType "team-tourn"]
[EventRounds "9"]
[EventCountry "GER"]
[SourceTitle "EXT 2022"]
[Source "ChessBase"]
[SourceDate "2021.10.06"]
[SourceVersion "1"]
[SourceVersionDate "2021.10.06"]
[SourceQuality "1"]
[WhiteTeam "Ruettenscheid Rochade"]
[BlackTeam "Buer Hassel"]
[WhiteTeamCountry "GER"]
[BlackTeamCountry "GER"]

1. e4 c5 2. Nf3 d6 3. d4 cxd4 4. Qxd4 Nc6 5. Bb5 e6 6. c4 Nge7 7. Qd3 Qc7 8. Nc3 Bd7 9. Bf4 Ng6 10. Bg3 Nge5 11. Nxe5 dxe5 12. 0-0 Rd8 13. Rac1 Bc5 14. a3 Bd4 15. b4 0-0 16. Ne2 Bc8 17. Qc2 a5 18. Bxc6 Qxc6 19. bxa5 Qc5 20. Qa4 Bd7 21. Qb4 Bc6 22. Nxd4 Qxd4 23. c5 f6 24. Rc4 Qd3 25. f3 Ra8 26. Rcc1 Rfd8 27. Bf2 Qa6 28. Be1 Rd4 29. Qb1 Rad8 30. Rf2 h6 31. h3 Rd3 32. Qa2 Kf7 33. Kh2 Qb5 34. Rb2 Qa4 35. Bb4 Qb5 36. Qb1 Qa6 37. Bc3 Qa8 38. Rb6 Qc8 39. Qb3 R8d7 40. Qc4 Qc7 41. Rcb1 Qc8 42. h4 g5 43. h5 g4 44. a6 Qg8 45. f4 exf4 46. axb7 Qg5 47. Kg1 f3 48. Qxd3 Rxd3 49. b8Q f2+ 50. Kf1 Qxh5 51. Rxc6 Qh1+ 52. Ke2 f1Q+ 53. Rxf1 Qxg2+ 54. Kxd3 Qxf1+ 55. Kc2 Qe2+ 56. Kc1 Qf1+ 57. Kb2 Qe2+ 58. Ka1 1-0

[Event "Ruhrgebiet Verbandsklasse Gruppe 3 1718"]
[Site "Germany"]
[Date "2017.10.08"]
[Round "2.1"]
[White "Schwake, Peter"]
[Black "Griebl, Joern"]
[Result "0-1"]
[WhiteElo "1883"]
[BlackElo "2195"]
[PlyCount "52"]
[EventDate "2017.09.17"]
[EventType "team-tourn"]
[EventRounds "9"]
[EventCountry "GER"]
[SourceTitle "EXT 2022"]
[Source "ChessBase"]
[SourceDate "2021.10.06"]
[SourceVersion "1"]
[SourceVersionDate "2021.10.06"]
[SourceQuality "1"]
[WhiteTeam "Winz Baak SG"]
[BlackTeam "Buer Hassel"]
[WhiteTeamCountry "GER"]
[BlackTeamCountry "GER"]

1. Nf3 Nf6 2. g3 g6 3. Bg2 Bg7 4. 0-0 0-0 5. d4 d6 6. c4 Nbd7 7. Nc3 c6 8. e4 e5 9. d5 cxd5 10. cxd5 Nc5 11. Re1 Qb6 12. Rb1 a5 13. Be3 Bd7 14. h3 Rac8 15. Nd2 Ne8 16. Nc4 Qa6 17. b4 Qxc4 18. bxc5 Qxc3 19. Rxb7 Ba4 20. Qe2 dxc5 21. Bd2 Qc2 22. Rc1 Qxa2 23. Rbb1 Bh6 24. f4 exf4 25. Ra1 Qb2 26. gxf4 Bxf4 0-1

[Event "NRW Class2 1516"]
[Site "Germany"]
[Date "2015.12.20"]
[Round "4.1"]
[White "Griebl, Joern"]
[Black "Koscielski, Janusch"]
[Result "0-1"]
[WhiteElo "2213"]
[BlackElo "2325"]
[PlyCount "62"]
[EventDate "2015.09.27"]
[EventType "team-tourn"]
[EventRounds "9"]
[EventCountry "GER"]
[SourceTitle "EXT 2017"]
[Source "ChessBase"]
[SourceDate "2016.10.25"]
[SourceVersion "1"]
[SourceVersionDate "2016.10.25"]
[SourceQuality "1"]
[WhiteTeam "Neuenkirchen"]
[BlackTeam "Sodingen"]
[WhiteTeamCountry "GER"]
[BlackTeamCountry "GER"]

1. d4 Nf6 2. c4 g6 3. Nc3 Bg7 4. e4 d6 5. Be2 0-0 6. Nf3 e5 7. 0-0 Nc6 8. d5 Ne7 9. Ne1 Nd7 10. Be3 f5 11. f3 f4 12. Bf2 g5 13. Nd3 Ng6 14. c5 Nf6 15. cxd6 cxd6 16. Be1 h5 17. Nf2 Rf7 18. Rc1 Bf8 19. a4 Rg7 20. b4 Nh8 21. h3 Nf7 22. a5 Nh6 23. Nb5 g4 24. fxg4 hxg4 25. hxg4 Nfxg4 26. Nxg4 Nxg4 27. Bxg4 Bxg4 28. Qd3 a6 29. Na3 Qg5 30. Rc2 Qh5 31. Nc4 Be7 0-1